000 00308nam a2200133Ia 4500
008 230917s9999||||xx |||||||||||||| ||und||
040 _e130079
_aMAIN
041 _aEnglish
082 _a780.5 S58SV22/1
100 _aGarg, Parbhulal
245 0 _aSangeet: samaj that ank
300 _a168p p.
942 _cBK
999 _c38500
_d38500